00503nam a2200169 a 450000100100000000500170001000800410002702000150006804000250008308200250010810000300013324500470016325000110021026000520022130000210027365000390029400000643420200929153930.0830624s1983 ag 000 0 spa  a950070093X aDO-SdBNPbspacBNPHU a982.064bT956a, 19831 aTúrolo (h.) , Carlos M.10aAsí lucharon /cCarlos M. Túrolo (h.). a4a ed. aBuenos Aires, Argentina :bSudamericana,c1983. a327 p. ;c20 cm. 4aGuerra de las islas malvinasy1982